Ettore Spalletti (Record no. 168766)

MARC details
000 -LEADER
campo de control de longitud fija 00731nam a22002175i 4500
001 - NÚMERO DE CONTROL
campo de control 168766
003 - IDENTIFICADOR DE NÚMERO DE CONTROL
campo de control ES-MaACL
005 - FECHA Y HORA DE LA ÚLTIMA TRANSACCIÓN
campo de control 20230906213902.0
008 - DATOS DE LONGITUD FIJA--INFORMACIÓN GENERAL
campo de control de longitud fija 080603s2000 sp |||| | spa d
020 ## - NÚMERO INTERNACIONAL ESTÁNDAR DEL LIBRO
Número Internacional Estándar del Libro 84-7664-686-0
080 ## - NÚMERO DE LA CLASIFICACIÓN DECIMAL UNIVERSAL
Número de la Clasificación Decimal Universal 7 Spalletti, Ettore (064.3)
100 1# - ENTRADA PRINCIPAL--NOMBRE DE PERSONA
Nombre de persona Spalletti, Ettore.
9 (RLIN) 137870
245 10 - MENCIÓN DEL TÍTULO
Título Ettore Spalletti
Resto del título : del 14 de abril al 4 de junio, Fundación "Ia Caixa", Madrid.
260 ## - PUBLICACIÓN, DISTRIBUCIÓN, ETC.
Lugar de publicación, distribución, etc. Madrid :
Nombre del editor, distribuidor, etc. Fundación "Ia Caixa",
Fecha de publicación, distribución, etc. 2000.
300 ## - DESCRIPCIÓN FÍSICA
Extensión 188 p. :
Otras características físicas il. col. ;
Dimensiones 30 cm.
546 ## - NOTA DE IDIOMA
Nota de lengua/lenguaje Texto en español y traducción en inglés.
600 14 - PUNTO DE ACCESO ADICIONAL DE MATERIA--NOMBRE DE PERSONA
Nombre de persona Spalletti, Ettore.
9 (RLIN) 137870
710 2# - ENTRADA AGREGADA--NOMBRE DE ENTIDAD CORPORATIVA
Nombre de entidad corporativa o nombre de jurisdicción como elemento de entrada Fundació "la Caixa"
9 (RLIN) 173255
852 4# - LOCALIZACIÓN
Ubicación ES-MaACL
Número de control de estantería L-29451
itemnumber R.143124
Holdings
Estatus retirado Estado de pérdida Estado de daño No para préstamo Biblioteca de origen Biblioteca actual Ubicación en estantería Fecha de adquisición Fuente de adquisición Total de préstamos Signatura topográfica completa Código de barras Visto por última vez Precio de reemplazo Tipo de ítem Koha
        Biblioteca del Ateneo de Madrid Biblioteca del Ateneo de Madrid Depósito 2 05/06/2008     L-29451 1177115 23/02/2023 23/02/2023 Libro impreso